| 000 | 00614nam a2200181 i 4500 | ||
|---|---|---|---|
| 001 | 145763 | ||
| 003 | ES-MaACL | ||
| 005 | 20250808034526.0 | ||
| 007 | t| | ||
| 008 | 071016s1968 sp ||||1| spa d | ||
| 100 | 1 |
_aVecilla de las Heras, Luis. _9113514 |
|
| 245 | 1 | 0 |
_aDefensa de la vida humana. _n, . IV, _pApuntes para la historia de la pena de muerte / _cLuis Vecilla de las Heras. |
| 260 |
_aValladolid : _b[s.n.], _c1968 ( _fGráf. Andrés Martín) |
||
| 300 |
_a372 p. ; _c24 cm. |
||
| 650 | 0 | 7 |
_aPena de muerte _2embne _915915 |
| 852 |
_aES-MaACL _jB-8565 _bR.66025 |
||
| 999 |
_c145763 _d145763 |
||